| 000 | 00941nam a22002297a 4500 | ||
|---|---|---|---|
| 999 |
_c5215 _d5215 |
||
| 003 | AR-CdUCM | ||
| 008 | 190312b ||||| |||| 00| 0 spa d | ||
| 040 |
_aMUNICIPALIDAD PROVINCIAL DEL CUSCO _cBIBLIOTECA MUNICIPAL DEL CUSCO |
||
| 082 |
_a927 / _bG58F |
||
| 100 |
_aGoitia Garcia, Francisco _915814 |
||
| 245 |
_aGoitia (Biografía) / _cJosé Farías Galindo |
||
| 260 |
_aMéxico ; _bSubsecretaría de Asuntos Culturales, _c1968. |
||
| 300 |
_a79 páginas ; _bilustraciones ; _c16.5 cm. |
||
| 505 | _aContenido: Pintor de la idiosincrasia y del tipo mexicano -- Comienzan los sacrificios -- Su peregrinar a la capital -- Ya en Europa ... | ||
| 650 |
_aBiografias de artistas _915815 |
||
| 650 |
_aGoitia - Biografía - Pintor mexicano _915816 |
||
| 650 |
_aFrancisco Goitia García _915817 |
||
| 650 |
_aPintores mexicanos - Biografías _915818 |
||
| 700 |
_aFarías Galindo, José _915819 |
||
| 942 |
_2ddc _cLIBROS |
||
| 945 | _alccs | ||